Tucumán-Argentina colores del norte
Guardat en:
| Autor corporatiu: | |
|---|---|
| Format: | Llibre |
| Idioma: | espanyol |
| Publicat: |
Buenos Aires
GAC
2002
|
| Col·lecció: | Argentina Tierra Adentro
|
| Matèries: | |
| Etiquetes: |
Afegir etiqueta
Sense etiquetes, Sigues el primer a etiquetar aquest registre!
|
MARC
| LEADER | 00000nam a2200000 a 4500 | ||
|---|---|---|---|
| 001 | UCH1751 | ||
| 003 | CL-VaPUC | ||
| 008 | 090514e20020000AG |||||||||||||||||spa|d | ||
| 020 | |a 9781121008 | ||
| 082 | 0 | 4 | |a 982.8243 |b GRU |2 21 |
| 110 | 2 | |a Grupo Abierto Comunicaciones |e author |9 536272 | |
| 245 | 1 | 0 | |a Tucumán-Argentina colores del norte |
| 300 | |a 127 p | ||
| 942 | |c BK | ||
| 945 | |d 20090514 00:00:00 |a rbrito | ||
| 260 | |a Buenos Aires |b GAC |c 2002 | ||
| 650 | 7 | |a HISTORIA DE TUCUMAN |2 CL-VaPUC |9 447016 | |
| 650 | 0 | |a Historia de Argentina |9 319851 | |
| 650 | 7 | |a CULTURA ARGENTINA |2 CL-VaPUC |9 431829 | |
| 650 | 0 | |a Turismo |9 308920 | |
| 651 | 7 | |a TUCUMAN |2 CL-VaPUC |9 357006 | |
| 651 | 0 | |a Argentina |9 254888 | |
| 583 | |a last modification |c 20090514 00:00:00 |k Rodrigo Vera | ||
| 490 | 0 | |a Argentina Tierra Adentro | |
| 999 | |c 333666 |d 333664 | ||
| 952 | |0 0 |1 0 |4 0 |6 982_824300000000000_GRU_2002 |7 0 |8 X |9 422222 |a FDOMLP |b FDOMLP |d 2019-11-22 |i 4547322 |o 982.8243 GRU 2002 |p 4547322 |r 2019-11-22 |w 2019-11-22 |y BK_X |k BUD | ||